[Event "AUTO-OPEN-1098"]
[Site "http://www.queenalice.com/game.php?id=389911"]
[Date "2008.4.18"]
[Round "1"]
[White "marcelokasparov"]
[Black "dillinger916"]
[Result "0-1"]
[WhiteElo "1448"]
[BlackElo "1446"]

1. d4 f5 2. Nc3 Nf6 3. Bf4 g6 4. Nb5 d6 5. e3 Be6 6. Nf3 h6 7. Qd3 Bg7 8. Qc3 c6
9. Na3 Nd5 10. Qd2 Nxf4 11. exf4 O-O 12. Nc4 Kh7 13. h4 Bf7 14. Qb4 b5 15. Ne3
e6 16. g4 a5 17. Qb3 e5 18. Qc3 exd4 19. Nxd4 c5 20. Bg2 Bxd4 21. Qd3 d5 22.
Qxb5 Na6 23. gxf5 Nc7 24. fxg6+ Bxg6 25. Qc6 Be8 26. Qb6 Rxf4 27. Bh3 Bg6 28.
Rg1 Ra6 29. Qb3 c4 30. Qb7 Rb6 31. Qc8 Qxc8 32. Bxc8 Rxb2 33. Rg4 Rxg4 34. Nxg4
Bxc2 35. Rc1 Rb1 36. Kd2 Rxc1 37. Kxc1 Be4 38. Bb7 Ne6 39. Bc8 Nf4 40. Kd2 h5
41. Ne3 Bxe3+ 42. fxe3 Ng2 43. Bd7 Nxh4 44. a4 Ng6 45. Be6 Ne5 46. Bf7 Nxf7 47.
Kc3 h4 48. Kd4 h3 49. Kc5 h2 50. Kd4 h1=Q 51. Kc5 c3 52. Kd4 c2 53. Kc3 c1=Q+
54. Kd4 Qc4# 0-1

[Event "AUTO-OPEN-1098"]
[Site "http://www.queenalice.com/game.php?id=389912"]
[Date "2008.4.18"]
[Round "1"]
[White "dillinger916"]
[Black "leonardo_g_assumpcao"]
[Result "1-0"]
[WhiteElo "1689"]
[BlackElo "1441"]

1. e4 e5 2. Nf3 d6 3. d4 exd4 4. Nxd4 g6 5. Bc4 Bg7 6. O-O Nc6 7. Nxc6 bxc6 8.
c3 Nf6 9. Bg5 h6 10. Bxf6 Qxf6 11. Nd2 O-O 12. Kh1 Rb8 13. Qc2 Rd8 14. f4 Be6
15. Bd3 Qh4 16. Rae1 Re8 17. b3 d5 18. e5 Bg4 19. Bxg6 fxg6 20. Qxg6 1-0

[Event "AUTO-OPEN-1098"]
[Site "http://www.queenalice.com/game.php?id=389913"]
[Date "2008.4.18"]
[Round "1"]
[White "leonardo_g_assumpcao"]
[Black "dillinger916"]
[Result "0-1"]
[WhiteElo "1441"]
[BlackElo "1658"]

1. d4 f5 2. e3 Nf6 3. Nf3 g6 4. c4 Bg7 5. Nc3 O-O 6. Bd3 d6 7. O-O h6 8. b4 Be6
9. Re1 c6 10. a4 d5 11. c5 Nbd7 12. b5 Qc7 13. Bd2 Ne4 14. Qc2 Ndf6 15. Ne5 Kh7
16. Bc1 Nd7 17. Nxd7 Qxd7 18. f3 Nxc3 19. Qxc3 Rac8 0-1

[Event "AUTO-OPEN-1099"]
[Site "http://www.queenalice.com/game.php?id=390411"]
[Date "2008.4.19"]
[Round "1"]
[White "capivaradoleste"]
[Black "dillinger916"]
[Result "0-1"]
[WhiteElo "1578"]
[BlackElo "1710"]

1. e4 e5 2. Nf3 Nc6 3. Bb5 Nge7 4. O-O g6 5. Nc3 Bg7 6. Ne2 O-O 7. c3 Kh8 8. d4
exd4 9. cxd4 d6 10. Be3 Bg4 11. Ng3 f5 0-1

[Event "AUTO-OPEN-1099"]
[Site "http://www.queenalice.com/game.php?id=390412"]
[Date "2008.4.19"]
[Round "1"]
[White "dillinger916"]
[Black "capivaradoleste"]
[Result "1-0"]
[WhiteElo "1744"]
[BlackElo "1578"]

1. e4 c5 2. Nf3 d6 3. d4 cxd4 4. Nxd4 Nf6 5. Bd3 a6 6. Bg5 e6 7. O-O Be7 8. Nc3
O-O 9. Kh1 Nc6 10. Nb3 h6 11. Bh4 Qc7 12. f4 1-0

[Event "AUTO-OPEN-1099"]
[Site "http://www.queenalice.com/game.php?id=390427"]
[Date "2008.4.19"]
[Round "1"]
[White "dillinger916"]
[Black "BoltonBoy"]
[Result "1-0"]
[WhiteElo "1774"]
[BlackElo "1414"]

1. e4 e5 2. Nf3 Nf6 3. Nc3 Nc6 4. d4 exd4 5. Nxd4 Bc5 6. Nxc6 bxc6 7. Bd3 O-O 8.
O-O d5 9. Bg5 Be7 10. e5 Nd7 11. Bxe7 Qxe7 12. f4 Nb6 13. Kh1 c5 14. Be2 Bb7 15.
Bf3 c6 16. Qe2 a5 17. Rad1 f6 18. exf6 Qxf6 19. Bg4 Rae8 20. Qd3 c4 21. Qd2 g5
22. f5 1-0

[Event "AUTO-OPEN-1099"]
[Site "http://www.queenalice.com/game.php?id=390428"]
[Date "2008.4.19"]
[Round "1"]
[White "BoltonBoy"]
[Black "dillinger916"]
[Result "0-1"]
[WhiteElo "1414"]
[BlackElo "1770"]

1. e4 e5 2. Nf3 Nc6 3. Bb5 Nge7 4. d4 exd4 5. Nxd4 d6 6. O-O Bd7 7. Nxc6 Nxc6 8.
Nc3 Be7 9. Be3 O-O 10. h3 Bg5 11. Bxg5 Qxg5 12. Bxc6 Bxc6 13. f4 Qc5+ 14. Kh1
Rae8 15. Re1 f5 16. exf5 Qxf5 17. Qg4 Qxg4 18. hxg4 Rxf4 19. Rxe8+ Bxe8 20. Re1
Kf7 21. Nd5 Rf2 0-1

[Event "Challenge"]
[Site "http://www.queenalice.com/game.php?id=404829"]
[Date "2008.5.18"]
[Round "-"]
[White "spawnwolfwolverine"]
[Black "dillinger916"]
[Result "0-1"]
[WhiteElo "1716"]
[BlackElo "1544"]

1. e4 e5 2. d3 Nf6 3. Bg5 Be7 4. Nf3 d6 5. Be2 Nc6 6. O-O Bg4 7. c3 O-O 8. Nbd2
Qd7 9. a3 h6 10. Bxf6 Bxf6 11. b4 Be7 12. d4 exd4 13. Nxd4 Bxe2 14. Qxe2 a6 15.
Nxc6 Qxc6 16. c4 Bf6 17. Rac1 Bb2 18. Rc2 Bxa3 19. b5 axb5 20. Nb3 bxc4 21. Qxc4
Qxc4 22. Rxc4 c6 23. Ra1 Bb2 24. Rxa8 Rxa8 25. g3 Bf6 26. f4 c5 27. h4 Ra3 28.
Nd2 Rxg3+ 29. Kh2 Re3 30. Nf1 Rc3 31. Rxc3 Bxc3 32. Ne3 g6 33. Nd5 Bd4 34. Kg3
b5 35. Kf3 b4 36. Ke2 Kg7 37. Kd2 Bf2 38. f5 Bxh4 39. fxg6 fxg6 40. Kc2 Bd8 41.
Kb3 h5 42. Nf4 Kf6 43. Nd5+ Ke5 44. Ne3 Kxe4 45. Nc4 Bc7 46. Kc2 d5 47. Nd2+ Kf5
48. Kb3 Bf4 49. Nf3 g5 50. Kc2 Ke4 51. Nd2+ Bxd2 52. Kxd2 c4 53. Kc2 h4 54. Kd2
h3 55. Ke2 h2 56. Kf2 h1=Q 57. Ke2 Qf3+ 58. Kd2 Qe3+ 59. Kc2 Qd3+ 60. Kb2 Qc3+
61. Ka2 Qd2+ 62. Kb1 c3 63. Ka1 Qb2# 0-1

[Event "AUTO-OPEN-1164"]
[Site "http://www.queenalice.com/game.php?id=418842"]
[Date "2008.6.17"]
[Round "1"]
[White "Smurf"]
[Black "dillinger916"]
[Result "0-1"]
[WhiteElo "1617"]
[BlackElo "1778"]

1. c4 f5 2. e3 Nf6 3. d4 g6 4. Nc3 Bg7 5. Bd3 O-O 6. Nf3 h6 7. O-O d6 8. Nh4 Kh7
9. Nd5 Nxd5 10. cxd5 e5 11. dxe6 Qxh4 12. d5 c6 13. g3 Qb4 14. Bd2 Qxb2 15. Rb1
Qxa2 16. e4 fxe4 17. Bxe4 cxd5 18. e7 dxe4 19. exf8=Q Bxf8 20. Ra1 Qf7 21. h4
Nc6 22. Qa4 Bh3 23. Rfe1 d5 24. Be3 Qf3 0-1

[Event "AUTO-OPEN-1164"]
[Site "http://www.queenalice.com/game.php?id=418843"]
[Date "2008.6.17"]
[Round "1"]
[White "dillinger916"]
[Black "Smurf"]
[Result "1-0"]
[WhiteElo "1846"]
[BlackElo "1576"]

1. e4 c5 2. f4 Nc6 3. Nf3 d5 4. e5 Bg4 5. Be2 Nh6 6. O-O e6 7. d3 Qb6 8. Kh1
Bxf3 9. Bxf3 Nd4 10. b3 Nxf3 11. Qxf3 c4 12. dxc4 Qd4 13. c3 Qc5 14. Ba3 Qc6 15.
Bxf8 Rxf8 16. cxd5 exd5 17. Nd2 Nf5 18. Rac1 Rc8 19. Rfd1 Ke7 20. Nf1 Rfd8 21.
g4 Nh4 22. Qh3 d4+ 23. Kg1 Nf3+ 24. Kf2 Nxe5 25. fxe5 h6 26. c4 Qe4 27. Ng3 Qf4+
28. Kg2 Kf8 29. Re1 d3 30. Rcd1 d2 31. Re4 Qg5 32. Nf5 Rc7 33. Nd6 Rcd7 34. Re2
f5 35. e6 Re7 36. Nxf5 Rd3 37. Qh4 g6 38. Qxg5 hxg5 39. Nxe7 Kxe7 40. Rdxd2 Rxd2
41. Rxd2 Kxe6 42. Rd5 b6 43. Rxg5 Kf6 44. h4 Kg7 45. Kf3 1-0

[Event "AUTO-OPEN-1164"]
[Site "http://www.queenalice.com/game.php?id=418872"]
[Date "2008.6.17"]
[Round "1"]
[White "dillinger916"]
[Black "ricardosf"]
[Result "1-0"]
[WhiteElo "1846"]
[BlackElo "1427"]

1. e4 b6 2. d4 Ba6 3. Bxa6 Nxa6 4. Nf3 c5 5. d5 e6 6. c4 Nb4 7. a3 exd5 8. axb4
cxb4 9. exd5 Qe7+ 10. Be3 g6 11. O-O Bh6 12. Bxh6 Nxh6 13. Re1 Ng4 14. Rxe7+
Kxe7 15. Nd4 Ne5 16. Nd2 Rac8 17. b3 Nd3 18. N2f3 Nf4 19. Qd2 h5 20. Qxf4 a5 21.
Re1+ Kf8 22. Ng5 Re8 23. Qxf7# 1-0

[Event "AUTO-OPEN-1164"]
[Site "http://www.queenalice.com/game.php?id=418873"]
[Date "2008.6.17"]
[Round "1"]
[White "ricardosf"]
[Black "dillinger916"]
[Result "0-1"]
[WhiteElo "1427"]
[BlackElo "1846"]

1. e4 e5 2. Bc4 Nf6 3. d3 Be7 4. Bxf7+ Kxf7 5. Nf3 d6 6. Ng5+ Kg6 7. h4 h5 8. f4
exf4 9. Bxf4 Nh7 10. Nxh7 Rxh7 11. g4 Bxh4+ 12. Kf1 Bxg4 13. Qd2 Nc6 14. Rxh4
Qxh4 15. Bg5 Qxg5 16. Qxg5+ Kxg5 17. Nc3 Rf8+ 18. Ke1 h4 19. Kd2 h3 20. e5 Nxe5
21. Ne4+ Kg6 22. d4 Nf3+ 23. Kd3 h2 0-1

[Event "AUTO-OPEN-1099"]
[Site "http://www.queenalice.com/game.php?id=486147"]
[Date "2008.10.31"]
[Round "2"]
[White "dillinger916"]
[Black "whyBish"]
[Result "1-0"]
[WhiteElo "1866"]
[BlackElo "2118"]

1. e4 c5 2. f4 g6 3. Nf3 Bg7 4. Be2 Nc6 5. O-O Qc7 6. d3 d6 7. c3 Nf6 8. h3 h5
9. Be3 Be6 10. Nbd2 Qd7 11. Ng5 O-O-O 12. f5 gxf5 13. exf5 Rdf8 14. fxe6 fxe6
15. Qb3 Nd8 16. Nge4 Nf7 17. d4 Nd5 18. Bf2 Nf4 19. Bb5 Qc7 20. Bg3 Nxh3+ 21.
gxh3 Rhg8 22. Qxe6+ Kb8 23. Rxf7 1-0

[Event "AUTO-OPEN-1099"]
[Site "http://www.queenalice.com/game.php?id=486148"]
[Date "2008.10.31"]
[Round "2"]
[White "whyBish"]
[Black "dillinger916"]
[Result "1/2-1/2"]
[WhiteElo "2121"]
[BlackElo "1853"]

1. d4 f5 2. g3 g6 3. Bg2 Nf6 4. Nf3 Bg7 5. O-O O-O 6. Nbd2 d5 7. Ne5 Nbd7 8.
Ndf3 Nxe5 9. Nxe5 e6 10. f3 Nd7 11. Nxd7 Bxd7 12. c3 Qe7 13. Qc2 c5 14. e3 c4
15. b3 b5 16. b4 a5 17. Rb1 a4 18. a3 h5 19. f4 Kf7 1/2-1/2

[Event "AUTO-OPEN-1099"]
[Site "http://www.queenalice.com/game.php?id=504011"]
[Date "2008.12.6"]
[Round "3"]
[White "dillinger916"]
[Black "Puman"]
[Result "0-1"]
[WhiteElo "1927"]
[BlackElo "1888"]

1. e4 c5 2. c4 Nc6 3. Nc3 g6 4. b3 Bg7 5. Bb2 Nf6 6. f3 O-O 7. Nh3 d6 8. Nf2 a6
9. Be2 Bd7 10. O-O Nd4 11. Bd3 Rb8 12. a4 b5 13. axb5 axb5 14. Rb1 Kh8 15. Ne2
Nxe2+ 16. Qxe2 Qb6 17. e5 dxe5 18. Bxe5 Rb7 19. Kh1 b4 20. Ra1 Bc6 21. Ne4 Bxe4
22. Bxe4 Nxe4 23. Bxg7+ Kxg7 24. Qxe4 Rd8 25. Rfd1 Rbd7 26. Ra2 Qf6 27. h3 Qd6
28. d3 Qd4 29. Qxd4+ Rxd4 30. Rad2 f5 31. Kg1 Kf6 32. Kf2 e5 0-1

[Event "AUTO-OPEN-1099"]
[Site "http://www.queenalice.com/game.php?id=504012"]
[Date "2008.12.6"]
[Round "3"]
[White "Puman"]
[Black "dillinger916"]
[Result "1/2-1/2"]
[WhiteElo "1936"]
[BlackElo "1927"]

1. d4 f5 2. Nf3 Nf6 3. Bf4 g6 4. e3 Bg7 5. Bd3 O-O 6. O-O b6 7. c3 Bb7 8. Nbd2
Nc6 9. Re1 d5 10. Ne5 a5 11. Ndf3 Nxe5 12. Bxe5 Nd7 13. Bxg7 Kxg7 14. Qc2 Re8
15. Ng5 e5 16. Nh3 e4 17. Be2 c5 18. Red1 c4 19. a3 a4 20. Nf4 b5 21. g3 Nf6 22.
Bf1 h5 23. h4 Nh7 24. Bg2 Nf8 25. Nh3 Ne6 26. Kf1 Bc8 27. Qe2 1/2-1/2